00840nam a2200181 a 450000100100000000500170001000800410002704000250006811000530009324500710014626000500021730000290026704900090029695201200030595201110042595201050053699900170064100003153920200930063012.0110627s2010 dr a 000 0 spa d aDO-SdBNPbspacBNPHU1 aDirección General de Impuestos Internos95790410aConstruyamos un mejor país :bcartilla para nivel universitario. aSanto Domingo :bEdiciones Tributaria,c2010. a11 p. ; :bil. ;c18 cm. aBNPD 001054708DSaGRbGRcCTd2011-06-27iLF1l0o p31539-30r2020-06-25te. 3w2020-06-25yLFDSZPréstamo en sala 0010718PDaPDbPDcCTd2011-06-27iLF1l0o p31539-10r2020-06-25te. 2w2020-06-25yLFPDZNo se presta 0010718PDaPDbPDcCTd2011-06-27iLF1l0o p31539-20r2020-06-25w2020-06-25yLFPDZNo se presta c31031d31031